000 01039nam a22002537a 4500
005 20170124103200.0
010 _aA-973291
020 _c250.00
035 _aA-973291
037 _bCen Lib/Ret
040 _aDPL
_bHN
082 _a181.45
_bअर्चना
100 _aअर्चना विद्यालंकार
_944174
245 _aसुरभि तरंग /
_cअर्चना विद्यालंकार
246 _aSurbhi tarang /
_bby Archna Vidyalankar
260 _aदिल्ली
_bसंस्कार प्रकाशन
_c1997
270 _bदिल्ली
_a4408, नयी सडक
_e110006
300 _a277पृ.
_c21सेमी (सजिल्द)
650 _aदर्शन शास्त्र -- सुख और धर्म
_991605
650 _aआत्मा की खोज
_991606
650 _aPhilosophy -- Happiness and religion
_991607
650 _aSoul searching
_991608
942 _2ddc
_cHN
_h181.45
_mअर्चना
999 _c120620
_d120620